MARC details
| 000 -LEADER |
| fixed length control field |
01317naa a22003377a 4500 |
| 003 - CONTROL NUMBER IDENTIFIER |
| control field |
OSt |
| 005 - DATE AND TIME OF LATEST TRANSACTION |
| control field |
20250513060245.0 |
| 008 - FIXED-LENGTH DATA ELEMENTS--GENERAL INFORMATION |
| fixed length control field |
250505t2023 |||o||||o| || 00| ||eng dd |
| 020 ## - INTERNATIONAL STANDARD BOOK NUMBER |
| International Standard Book Number |
978-1-003-24467-7 |
| 040 ## - CATALOGING SOURCE |
| Transcribing agency |
JMCFI - Learning Resource Center |
| 082 ## - DEWEY DECIMAL CLASSIFICATION NUMBER |
| Classification number |
eBook/G.Ed. 001.4 B846 2023 |
| 100 ## - MAIN ENTRY--PERSONAL NAME |
| Personal name |
Breuer, Johannes |
| 9 (RLIN) |
32684 |
| 245 ## - TITLE STATEMENT |
| Title |
Chapter 30 the role of participants in online privacy research |
| Medium |
[electronic resource] / |
| Statement of responsibility, etc. |
Johannes Breuer, Katrin Weller and Katharina Kinder-Kurlanda. |
| 260 ## - PUBLICATION, DISTRIBUTION, ETC. |
| Place of publication, distribution, etc. |
New York : |
| Name of publisher, distributor, etc. |
Taylor & Francis, |
| Date of publication, distribution, etc. |
2023. |
| 300 ## - PHYSICAL DESCRIPTION |
| Extent |
1 online resource (11 pages). |
| 650 ## - SUBJECT ADDED ENTRY--TOPICAL TERM |
| Topical term or geographic name entry element |
Artificial Intelligence (AI). |
| 9 (RLIN) |
12066 |
| 650 ## - SUBJECT ADDED ENTRY--TOPICAL TERM |
| Topical term or geographic name entry element |
Information Communication Technology (ICT). |
| 9 (RLIN) |
13268 |
| 650 ## - SUBJECT ADDED ENTRY--TOPICAL TERM |
| Topical term or geographic name entry element |
Algorithm. |
| 9 (RLIN) |
32685 |
| 650 ## - SUBJECT ADDED ENTRY--TOPICAL TERM |
| Topical term or geographic name entry element |
Digital communication. |
| 9 (RLIN) |
23728 |
| 650 ## - SUBJECT ADDED ENTRY--TOPICAL TERM |
| Topical term or geographic name entry element |
Digital media. |
| 9 (RLIN) |
32686 |
| 650 ## - SUBJECT ADDED ENTRY--TOPICAL TERM |
| Topical term or geographic name entry element |
Information law. |
| 9 (RLIN) |
32687 |
| 650 ## - SUBJECT ADDED ENTRY--TOPICAL TERM |
| Topical term or geographic name entry element |
Media and society. |
| 9 (RLIN) |
32688 |
| 650 ## - SUBJECT ADDED ENTRY--TOPICAL TERM |
| Topical term or geographic name entry element |
Online network. |
| 9 (RLIN) |
32689 |
| 650 ## - SUBJECT ADDED ENTRY--TOPICAL TERM |
| Topical term or geographic name entry element |
Open Access Publishing in European Networks (OAPEN). |
| 9 (RLIN) |
30999 |
| 650 ## - SUBJECT ADDED ENTRY--TOPICAL TERM |
| Topical term or geographic name entry element |
eBook (Open access). |
| 9 (RLIN) |
30865 |
| 700 ## - ADDED ENTRY--PERSONAL NAME |
| Personal name |
Weller, Katrin |
| 9 (RLIN) |
32690 |
| 700 ## - ADDED ENTRY--PERSONAL NAME |
| Personal name |
Kinder-Kurlanda, Katharina |
| 9 (RLIN) |
32691 |
| 773 ## - HOST ITEM ENTRY |
| Title |
The Routledge Handbook of Privacy and Social Media |
| 856 ## - ELECTRONIC LOCATION AND ACCESS |
| Uniform Resource Identifier |
<a href="https://library.oapen.org/handle/20.500.12657/77194">https://library.oapen.org/handle/20.500.12657/77194</a> |
| 942 ## - ADDED ENTRY ELEMENTS (KOHA) |
| Source of classification or shelving scheme |
Dewey Decimal Classification |
| Koha item type |
eBook (Open Access) |
| Suppress in OPAC |
No |